Corrupção, ética e moralidade administrativa / (Record no. 378)

MARC details
000 -LÍDER
Campo Fixo de Controle 01071nam a2200301 a 4500
001 - NÚMERO DE CONTROLE
Campo de Controle 378
003 - IDENTIFICAÇÃO DO NÚMERO DE CONTROLE
Campo de Controle BR-CuiBMT
005 - DATA E HORA DA ÚLTIMA ATUALIZAÇÃO
Campo de Controle 20231103132316.0
008 - DADOS FIXOS
Dados Fixos 231102s2008 mgb 000 0 por d
020 ## - INTERNATIONAL STANDARD BOOK NUMBER
Nº do ISBN 9788577001750
040 ## - AGÊNCIA CATALOGADORA
Código da Agência Catalogadora BR-CuiBMT
Agência que transcreveu o registro BR-CuiBMT
080 ## - Nº DA CLASSIFICAÇÃO DECIMAL UNIVERSAL
Nº edição CDU 2007
Nº Class. CDU 351.9
090 ## - NÚMERO DE CHAMADA
Nº classificação 351.9
Cutter C825
245 00 - TÍTULO PRINCIPAL
Título principal Corrupção, ética e moralidade administrativa /
Indicação de responsabilidade Luís Manuel Fonseca Pires, Maurício Zockun, Renata Porto Adri (coordenadores) ; [autores: Antonio Carlos Ozório Nunes ... et al.].
260 ## - PUBLICAÇÃO, DISTRIBUIÇÃO, ETC.
Local de publicação Belo Horizonte :
Editora Fórum,
Data 2008.
300 ## - DESCRIÇÃO FÍSICA
N. páginas ou volumes 380 p. ;
Dimensões 24 cm
500 ## - NOTAS GERAIS
Notas gerais Informações de autoria retiradas da capa.
500 ## - NOTAS GERAIS
Notas gerais Vários autores.
650 ## - ASSUNTO TÓPICO
Cabeçalho tópico ou nome geográfico Corrupção administrativa
650 ## - ASSUNTO TÓPICO
Cabeçalho tópico ou nome geográfico Comportamento moral
650 ## - ASSUNTO TÓPICO
Cabeçalho tópico ou nome geográfico Moralidade administrativa
650 ## - ASSUNTO TÓPICO
Cabeçalho tópico ou nome geográfico Direito administrativo
Informações adicionais ética
700 1# - ENTRADA SECUNDÁRIA -- NOME PESSOAL
Nome pessoal Pires, Luis Manuel Fonseca,
Datas associadas ao nome 1974-
Cód. do termo explicativo coord.
700 1# - ENTRADA SECUNDÁRIA -- NOME PESSOAL
Nome pessoal Zockun, Maurício
Cód. do termo explicativo coord.
700 1# - ENTRADA SECUNDÁRIA -- NOME PESSOAL
Nome pessoal Adri, Renata Porto
Cód. do termo explicativo coord.
700 1# - ENTRADA SECUNDÁRIA -- NOME PESSOAL
Nome pessoal Nunes, Antonio Carlos Ozório
Termo de relação et al.
-- autores
942 ## - ELEMENTOS DE ENTRADA ADICIONAIS (KOHA)
Fonte de classificação ou esquema de arquivamento Classificação Decimal Universal
Tipo de item do Koha Livros
Holdings
Estado: removido Estado: perdido Fonte de classificação ou esquema de arquivamento Estado: danificado Indisponível para empréstimo Localização permanente Localização atual Data de aquisição Total Checkouts Número de Chamada completo Código de barras Date last seen Número do exemplar Preço efetivo a partir de Tipo de item (Koha)
    Classificação Decimal Universal     Biblioteca da Escola Superior de Contas do TCE/MT Biblioteca da Escola Superior de Contas do TCE/MT 13/08/2019   351.9 C825 BIBTCEMT23110076 03/11/2023 Ex. 1 03/11/2023 Livros
    Classificação Decimal Universal     Biblioteca da Escola Superior de Contas do TCE/MT Biblioteca da Escola Superior de Contas do TCE/MT 13/08/2019   351.9 C825 BIBTCEMT23110093 03/11/2023 Ex. 2 03/11/2023 Livros

Powered by Koha